| 000 | 00393nam a2200145 i 4500 | ||
|---|---|---|---|
| 001 | 44402 | ||
| 003 | ES-MaACL | ||
| 005 | 20230906161024.0 | ||
| 007 | t| | ||
| 008 | 030321s1910 fr ||||1| fre d | ||
| 100 | 1 |
_aClédat, Léon. _939162 |
|
| 245 | 1 | 0 |
_aNotions d'histoire de l'ortographie / _cLéon Clédat. |
| 260 |
_aParís : _bLib. H. Le Soudier, _c1910. |
||
| 852 |
_aES-MaACL _jT-1200-F-1 |
||
| 999 |
_c44402 _d44402 |
||